Loading...
| Science - Biology | 0 | 7 | 0 | 1 | 70 | 29 | 75.71 | 2 | 4 | 20.86 | 42.50 |
| Science - Physics | 0 | 6 | 2 | 1 | 50 | 48 | 84.33 | 2 | 2 | 16.12 | 31.82 |
| Science - Chemistry | 0 | 5 | 1 | 0 | 45 | 29 | 53.20 | 2 | 3 | 22.86 | 37.50 |
| Fine Arts - Other | 0 | 2 | 0 | 0 | 20 | 95 | 97.00 | 0 | 0 | 3.68 | 8.18 |
| Literature - American | 0 | 2 | 0 | 0 | 20 | 25 | 58.00 | 1 | 1 | 11.11 | 13.64 |
| Fine Arts - Painting and Sculpture | 0 | 2 | 0 | 1 | 20 | 91 | 113.50 | 0 | 0 | 2.74 | 9.09 |
| Literature - British | 0 | 2 | 0 | 0 | 20 | 97 | 101.50 | 1 | 2 | 5.59 | 17.05 |
| Fine Arts - Classical Music | 0 | 1 | 0 | 1 | 10 | 113 | 113.00 | 1 | 1 | 0.31 | 9.09 |
| Literature - World | 0 | 1 | 0 | 1 | 10 | 128 | 128.00 | 0 | 0 | 0.00 | 4.55 |
| Science - Other | 0 | 2 | 2 | 0 | 10 | 31 | 66.50 | 1 | 2 | 9.14 | 16.36 |
| Philosophy | 0 | 1 | 1 | 0 | 5 | 68 | 68.00 | 1 | 1 | 4.64 | 9.09 |
| Religion | 0 | 0 | 1 | 0 | -5 | 0.00 | 0 | 0 | 0.00 | 0.00 |